|
|
|
|
| LEADER |
02038nam a2200397 a 4500 |
| 001 |
EBC1143738 |
| 003 |
MiAaPQ |
| 005 |
20200520144314.0 |
| 006 |
m o d | |
| 007 |
cr cn||||||||| |
| 008 |
120126s2012 nyu sb 001 0 eng d |
| 010 |
|
|
|z 2012002307
|
| 020 |
|
|
|z 9780415678520 (hb)
|
| 020 |
|
|
|a 9780203107232 (electronic bk.)
|
| 035 |
|
|
|a (MiAaPQ)EBC1143738
|
| 035 |
|
|
|a (Au-PeEL)EBL1143738
|
| 035 |
|
|
|a (CaPaEBR)ebr10672653
|
| 035 |
|
|
|a (CaONFJC)MIL459202
|
| 035 |
|
|
|a (OCoLC)830161350
|
| 040 |
|
|
|a MiAaPQ
|c MiAaPQ
|d MiAaPQ
|
| 050 |
|
4 |
|a HB501
|b .P437 2012
|
| 082 |
0 |
4 |
|a 335.4/12
|2 23
|
| 100 |
1 |
|
|a Pilling, Geoffrey.
|
| 245 |
1 |
0 |
|a Marxist political economy
|h [electronic resource] :
|b essays in retrieval : selected works of Geoff Pilling /
|c Geoff Pilling ; edited by Doria Pilling.
|
| 260 |
|
|
|a New York :
|b Routledge,
|c 2012.
|
| 300 |
|
|
|a xxiii, 246 p.
|
| 490 |
1 |
|
|a Routledge studies in the history of economics ;
|v 147
|
| 504 |
|
|
|a Includes bibliographical references and index.
|
| 505 |
0 |
|
|a Recollections : personal and academic reflections on Geoff Pilling and his work -- Globalisation and the British working class : an essay in economic analysis and political prognosis -- The law of value in Ricardo and Marx -- Imperialism, trade and "unequal exchange" : the work of Aghiri Emmanuel -- A "third industrial revolution" Marxism and the productive forces -- The foundation of Keynes' economics -- On disinterring Karl Marx -- A very peculiar capitalism : some reflections on the decline of Britain -- Engels and the industrial revolution.
|
| 533 |
|
|
|a Electronic reproduction. Ann Arbor, MI : ProQuest, 2015. Available via World Wide Web. Access may be limited to ProQuest affiliated libraries.
|
| 650 |
|
0 |
|a Capitalism.
|
| 650 |
|
0 |
|a Marxian economics.
|
| 655 |
|
4 |
|a Electronic books.
|
| 710 |
2 |
|
|a ProQuest (Firm)
|
| 830 |
|
0 |
|a Routledge studies in the history of economics ;
|v 147.
|
| 856 |
4 |
0 |
|u https://ebookcentral.proquest.com/lib/matrademy/detail.action?docID=1143738
|z Click to View
|